00358nam a2200133 a 4500020001800000082001500018100002400033245004200057260004100099300000900140500003500149650001600184700002400200 a8170361664 00a305.4bDHR aDhruvarajan, Vanaja aHindu Women and the Power of Ideology aNew Delhi bSage Publications c1989 a168p aincludes index and biblioraphy aWomen-India1 aDhruvarajan, Vanaja